World Capitals Closest to Nicosia - Statistics

General Stats
  • This quiz has been taken 21 times
  • The average score is 17 of 20
Answer Stats
km Capital miles % Correct
529 Ankara 329
100%
917 Athens 570
100%
605 Cairo 376
100%
241 Beirut 150
95%
325 Damascus 202
95%
415 Jerusalem 258
95%
1285 Skopje 798
95%
428 Amman 267
90%
1032 Baghdad 641
90%
1199 Bucharest 745
90%
1367 Tirana 849
90%
1464 Podgorica 910
86%
1344 Pristina 835
86%
1205 Sofia 749
86%
1560 Baku 969
81%
1532 Belgrade 952
81%
1127 Yerevan 700
76%
1229 Tbilisi 764
71%
1516 Kuwait City 942
67%
1366 Chisinau 849
62%
No matching quizzes found
Score Distribution
Percent of People with Each Score
Percentile by Number Answered
Your Score History
You have not taken this quiz